000 00626nam a22001697a 4500
999 _c2127
_d2127
005 20190831143128.0
008 090804t xxu||||| |||| 00| 0 eng d
080 _a89H-3.09
_bAMB
100 _aAmbili, T.
_91629
245 _aRahul sankrityayan Kikahaniyom ka anuseelan
260 _aKochi
_bDept of Hindi - CUSAT
_c2002
300 _a207p.
500 _aThesis (Ph.D), CUSAT, 2002 Guide : Devaki, N.G.
653 _aEssays. Hindi Litteral Fiction
_aCriticism
_aGuide : Devaki, N.G.
942 _cTH